Dotaciones, equipamientos urbans̕ticos el sustrato de la urbans̕itco social /

Detalles Bibliográficos
Autor principal: Moreno Lp̤ez, Juan Luis
Otros Autores: Bassols Coma, Martn̕ (pr)
Formato: Desconocido
Lenguaje:español
Publicado: Madrid : Montecorvo, 1999
Materias:
Acceso en línea:Acceso restringido

MARC

LEADER 00000ny a22000003n 4500
005 20110616112352.0
008 001122s1999 sp 000 spa c
017 |a M26330-1999 
020 |a 8471113805 
035 |a 1551 
040 |a UMA.DER  |d vLex 
040 |a UMA.RE  |d vLex 
080 |a 349.44(460)(0.034) 
090 |c 757  |d 757 
100 1 |a Moreno Lp̤ez, Juan Luis 
245 1 0 |a Dotaciones, equipamientos urbans̕ticos  |h [Recurso electrn̤ico]  |b el sustrato de la urbans̕itco social /  |c Juan Luis Moreno Lp̤ez ; [prl̤ogo del Prof. Martn̕ Bassols Coma] 
256 |a Servicio en ln̕ea 
260 |a Madrid :  |b Montecorvo,  |c 1999 
300 |a 414 p. ;  |c 24 cm 
504 |a Bibliografa̕: p. [401]-414 
506 1 |a Contenido solo disponible en los productos indicados  |d vLex Global  |d vLex Global (Academic Edition, excluding Law Schools)  |d vLex Global (U.S. Academic Edition, Law Schools)  |d vLex Global (U.S. Academic Edition, excluding Law Schools)  |d vLex Global (Academic Edition, Law Schools) 
650 0 7 |2 Tesauro vLex  |a Urbanizaciones 
650 0 7 |2 Tesauro vLex  |a Inmobiliario y registral 
650 0 7 |2 Tesauro vLex  |a Derecho urbans̕tico 
700 1 |a Bassols Coma, Martn̕,  |e pr 
740 0 |a vLex Libros (Servicios en ln̕ea) 
856 4 0 |z Acceso restringido  |u http://vlex.com/source/1551 
942 |c BOOK 
999 0 |a City planning and redevelopment law  |b Madrid